Flag's quiz #1 - Statistics

General Stats
  • This quiz has been taken 17 times
  • The average score is 7 of 10
Answer Stats
Question Answer % Correct
Which of these countries has a flag with a NOT rectangular shape? Nepal
94%
Which of these flags has a square shape? Vatican city
94%
What is Palau's flag?
81%
Which of these flags is Jordan's?
75%
Which of these flags is Chad's?
75%
Which of these countries has the flag with the most red in it? Morocco
69%
Which of these flags contains the Union Jack (Flag of the United Kingdom)? Tuvalu
69%
Which of these flags is the flag of El Salvador?
63%
What is the one flag that is never raised at half-mast? Saudi Arabia
38%
Which of these flags contains the color purple? Nicaragua
25%
No matching quizzes found
Score Distribution
Percent of People with Each Score
Percentile by Number Answered
Your Score History
You have not taken this quiz